00724nam a2200205 a 450000100060000000300080000600500170001400800410003103500350007204000460010704100080015308200220016110000380018324500280022126000420024930000340029149001030032550400410042865000490046918533BD-RjUL20211209000311.0140220s1962 enk b 000 0 eng d a(OCoLC)1382301a(BD-RjUL)18591 aORLdm.cdOCLdWRSdBD-RjULbengcBD-RjUL aeng a822.33bSHK 19621 aShakespeare, William,d1564-1616.10aKing Henry the Eighth / aCambridge :bUniversity Press,c1962. ali, 251 p. :bfront ;c19 cm.1 aWorks of Shakespeare edited for the Syndics of the Cambridge University Press by John Dover Wilson aIncludes bibliographical references. aHenry VIII, King of England, 1491-1547 Drama